000 00617nam a22002057a 4500
005 20250501120200.0
010 _aENG-144779
020 _c500.00
_a9789387363939
035 _aEN-128311
037 _bAkansha
082 _a181.45
100 _aBhargava, Guneet Monga
_980966
245 _aYoga Education/
_cGuneet Monga Bhargava
250 _a1
260 _aNew Delhi
_bSports Publication
_c2025
270 _a7/26,Ground floor, Ansari Road, Daryaganj,
_bNew Delhi
_e110002
300 _a312p.:
_c24cm(pb)
_bill.
500 _aB.P.Ed. New Syllabus
942 _2ddc
_cEN
_mBHA
_e1
_h181.45
999 _c209436
_d209436